00238nam a2200097Ia 4500008004100000100001600041245003800057260002300095942000700118999001500125190216s9999||||xx |||||||||||||| ||und|| aParihar N S 0aIntroduction To Embryophyta Vol 1 bCentral Book Depot cBK c1926d1926